[Event "DEM U14 2024"]
[Site "Willingen GER"]
[Date "2024.05.19"]
[Round "1"]
[White "Sickmann, Lisa"]
[Black "Nguyen, Thanh An"]
[Result "0-1"]
[Termination "normal"]
[Board "14"]
[WhiteTitle "WFM"]
[WhiteElo "1980"]
[BlackElo "1794"]
[WhiteClock "00:07:17"]
[BlackClock "00:56:37"]
[PlyCount "108"]
[WhiteFideId "16267818"]
[BlackFideId "34627804"]
[EventCountry "GER"]
[EventRounds "9"]
[EventType "swiss"]
[EventDate "2024.05.18"]

1. e4 {[%clk 01:30:41]} {[%emt 00:00:18]} c5 {[%clk 01:30:55]} {[%emt
00:00:06]} 2. Nf3 {[%clk 01:31:05]} {[%emt 00:00:06]} d6 {[%clk 01:31:21]}
{[%emt 00:00:04]} 3. d4 {[%clk 01:31:30]} {[%emt 00:00:05]} cxd4 {[%clk
01:31:47]} {[%emt 00:00:04]} 4. Nxd4 {[%clk 01:31:55]} {[%emt 00:00:04]} Nf6
{[%clk 01:32:14]} {[%emt 00:00:04]} 5. Nc3 {[%clk 01:32:21]} {[%emt 00:00:05]}
a6 {[%clk 01:32:41]} {[%emt 00:00:02]} 6. Qf3 {[%clk 01:32:25]} {[%emt
00:00:25]} g6 {[%clk 01:32:54]} {[%emt 00:00:17]} 7. h3 {[%clk 01:32:48]}
{[%emt 00:00:07]} Bg7 {[%clk 01:33:06]} {[%emt 00:00:19]} 8. Be3 {[%clk
01:33:09]} {[%emt 00:00:09]} O-O {[%clk 01:33:22]} {[%emt 00:00:14]} 9. O-O-O
{[%clk 01:33:31]} {[%emt 00:00:07]} Bd7 {[%clk 01:33:35]} {[%emt 00:00:18]} 10.
g4 {[%clk 01:33:40]} {[%emt 00:00:20]} Nc6 {[%clk 01:33:22]} {[%emt 00:00:44]}
11. Kb1 {[%clk 01:33:07]} {[%emt 00:01:02]} Rc8 {[%clk 01:32:57]} {[%emt
00:00:55]} 12. Nxc6 {[%clk 01:32:47]} {[%emt 00:00:50]} Bxc6 {[%clk 01:32:09]}
{[%emt 00:01:19]} 13. g5 {[%clk 01:32:20]} {[%emt 00:00:57]} Nh5 {[%clk
01:31:27]} {[%emt 00:01:11]} 14. Nd5 {[%clk 01:31:26]} {[%emt 00:01:25]} Bxd5
{[%clk 01:29:56]} {[%emt 00:02:01]} 15. exd5 {[%clk 01:29:46]} {[%emt
00:02:10]} Qc7 {[%clk 01:28:17]} {[%emt 00:02:09]} 16. Qe4 {[%clk 01:26:31]}
{[%emt 00:04:23]} Be5 {[%clk 01:22:02]} {[%emt 00:06:06]} 17. Bd3 {[%clk
01:12:34]} {[%emt 00:14:27]} f5 {[%clk 01:19:15]} {[%emt 00:03:18]} 18. gxf6
{[%clk 01:02:05]} {[%emt 00:10:58]} exf6 {[%clk 01:18:28]} {[%emt 00:01:17]}
19. Rhg1 {[%clk 00:52:58]} {[%emt 00:09:37]} f5 {[%clk 01:11:26]} {[%emt
00:07:32]} 20. Qh4 {[%clk 00:44:32]} {[%emt 00:08:54]} Bg7 {[%clk 01:10:27]}
{[%emt 00:01:32]} 21. Bd4 {[%clk 00:36:21]} {[%emt 00:08:41]} Bxd4 {[%clk
01:06:24]} {[%emt 00:04:33]} 22. Qxd4 {[%clk 00:36:11]} {[%emt 00:00:40]} Qg7
{[%clk 01:05:08]} {[%emt 00:01:46]} 23. Qxg7+ {[%clk 00:33:22]} {[%emt
00:03:19]} Kxg7 {[%clk 01:05:32]} {[%emt 00:00:06]} 24. Rde1 {[%clk 00:31:59]}
{[%emt 00:01:53]} Rc7 {[%clk 00:58:01]} {[%emt 00:08:01]} 25. Re3 {[%clk
00:21:46]} {[%emt 00:10:43]} Nf4 {[%clk 00:58:12]} {[%emt 00:00:19]} 26. Rf3
{[%clk 00:21:16]} {[%emt 00:00:59]} Nxd5 {[%clk 00:57:54]} {[%emt 00:00:49]}
27. Rxf5 {[%clk 00:21:16]} {[%emt 00:00:30]} Nf4 {[%clk 00:56:27]} {[%emt
00:01:58]} 28. Rxf8 {[%clk 00:17:56]} {[%emt 00:03:49]} Kxf8 {[%clk 00:56:52]}
{[%emt 00:00:05]} 29. Rg3 {[%clk 00:17:36]} {[%emt 00:00:50]} Nxd3 {[%clk
00:56:42]} {[%emt 00:00:41]} 30. Rxd3 {[%clk 00:17:52]} {[%emt 00:00:14]} Ke7
{[%clk 00:56:10]} {[%emt 00:01:02]} 31. b3 {[%clk 00:17:49]} {[%emt 00:00:33]}
Ke6 {[%clk 00:56:31]} {[%emt 00:00:08]} 32. Kb2 {[%clk 00:17:26]} {[%emt
00:00:53]} Rf7 {[%clk 00:56:51]} {[%emt 00:00:11]} 33. Re3+ {[%clk 00:13:53]}
{[%emt 00:04:03]} Kd7 {[%clk 00:57:05]} {[%emt 00:00:16]} 34. f3 {[%clk
00:11:28]} {[%emt 00:02:53]} Rf4 {[%clk 00:56:18]} {[%emt 00:01:18]} 35. Rd3
{[%clk 00:10:59]} {[%emt 00:00:59]} Rh4 {[%clk 00:56:33]} {[%emt 00:00:15]} 36.
c4 {[%clk 00:10:54]} {[%emt 00:00:35]} Kc6 {[%clk 00:56:47]} {[%emt 00:00:16]}
37. Re3 {[%clk 00:09:36]} {[%emt 00:01:49]} Rxh3 {[%clk 00:57:05]} {[%emt
00:00:12]} 38. Re7 {[%clk 00:09:54]} {[%emt 00:00:11]} h5 {[%clk 00:53:41]}
{[%emt 00:03:54]} 39. Rg7 {[%clk 00:09:27]} {[%emt 00:00:57]} Rxf3 {[%clk
00:51:26]} {[%emt 00:02:46]} 40. Rxg6 {[%clk 00:09:51]} {[%emt 00:00:05]} h4
{[%clk 00:51:50]} {[%emt 00:00:06]} 41. Rh6 {[%clk 00:10:18]} {[%emt 00:00:03]}
Rh3 {[%clk 00:52:16]} {[%emt 00:00:05]} 42. b4 {[%clk 00:10:22]} {[%emt
00:00:26]} b6 {[%clk 00:52:08]} {[%emt 00:00:38]} 43. a4 {[%clk 00:10:09]}
{[%emt 00:00:43]} Rh1 {[%clk 00:52:23]} {[%emt 00:00:14]} 44. Kc3 {[%clk
00:10:19]} {[%emt 00:00:20]} h3 {[%clk 00:52:45]} {[%emt 00:00:09]} 45. b5+
{[%clk 00:09:58]} {[%emt 00:00:50]} axb5 {[%clk 00:53:06]} {[%emt 00:00:10]}
46. axb5+ {[%clk 00:10:16]} {[%emt 00:00:11]} Kd7 {[%clk 00:53:33]} {[%emt
00:00:04]} 47. Rh7+ {[%clk 00:06:03]} {[%emt 00:04:42]} Ke6 {[%clk 00:53:56]}
{[%emt 00:00:07]} 48. Rh6+ {[%clk 00:06:24]} {[%emt 00:00:09]} Ke5 {[%clk
00:54:21]} {[%emt 00:00:06]} 49. Rh5+ {[%clk 00:06:37]} {[%emt 00:00:17]} Kf4
{[%clk 00:54:44]} {[%emt 00:00:06]} 50. Rh8 {[%clk 00:06:39]} {[%emt 00:00:27]}
h2 {[%clk 00:55:10]} {[%emt 00:00:05]} 51. Kb2 {[%clk 00:07:00]} {[%emt
00:00:09]} Ke4 {[%clk 00:55:27]} {[%emt 00:00:13]} 52. Rh3 {[%clk 00:06:36]}
{[%emt 00:00:54]} Kd4 {[%clk 00:55:48]} {[%emt 00:00:10]} 53. Rh4+ {[%clk
00:07:02]} {[%emt 00:00:04]} Kd3 {[%clk 00:56:15]} {[%emt 00:00:03]} 54. Ka2
{[%clk 00:07:17]} {[%emt 00:00:15]} Kc3 {[%clk 00:56:37]} {[%emt 00:00:07]} 0-1

[Event "DEM U14 2024"]
[Site "Willingen GER"]
[Date "2024.05.19"]
[Round "1"]
[White "Bangert, Jonas"]
[Black "Xue, Luka"]
[Result "0-1"]
[Termination "normal"]
[Board "15"]
[WhiteElo "1772"]
[BlackElo "2097"]
[WhiteClock "00:00:54"]
[BlackClock "00:09:37"]
[PlyCount "83"]
[WhiteFideId "16289650"]
[BlackFideId "16277252"]
[EventCountry "GER"]
[EventRounds "9"]
[EventType "swiss"]
[EventDate "2024.05.18"]

1. d4 {[%clk 01:30:58]} d5 {[%clk 01:30:47]} {[%emt 00:00:14]} 2. c4 {[%clk
01:31:24]} {[%emt 00:00:04]} c6 {[%clk 01:31:12]} {[%emt 00:00:05]} 3. Nc3
{[%clk 01:31:48]} {[%emt 00:00:05]} Nf6 {[%clk 01:31:38]} {[%emt 00:00:04]} 4.
Nf3 {[%clk 01:28:48]} {[%emt 00:03:31]} e6 {[%clk 01:32:04]} {[%emt 00:00:04]}
5. Bg5 {[%clk 01:29:10]} {[%emt 00:00:08]} Nbd7 {[%clk 01:32:26]} {[%emt
00:00:08]} 6. e3 {[%clk 01:29:04]} {[%emt 00:00:36]} Qa5 {[%clk 01:32:42]}
{[%emt 00:00:13]} 7. Bxf6 {[%clk 01:27:07]} {[%emt 00:02:28]} Nxf6 {[%clk
01:32:20]} {[%emt 00:00:51]} 8. cxd5 {[%clk 01:26:00]} {[%emt 00:01:37]} Nxd5
{[%clk 01:27:56]} {[%emt 00:04:54]} 9. Qb3 {[%clk 01:26:07]} {[%emt 00:00:24]}
Bb4 {[%clk 01:25:39]} {[%emt 00:02:46]} 10. Rc1 {[%clk 01:26:29]} {[%emt
00:00:09]} Nxc3 {[%clk 01:23:48]} {[%emt 00:03:55]} 11. bxc3 {[%clk 01:26:52]}
Ba3 {[%clk 01:24:07]} 12. Rb1 {[%clk 01:19:25]} {[%emt 00:06:40]} O-O {[%clk
01:22:04]} {[%emt 00:02:32]} 13. Ne5 {[%clk 01:17:30]} {[%emt 00:02:26]} Be7
{[%clk 01:19:07]} {[%emt 00:03:26]} 14. Be2 {[%clk 01:11:43]} {[%emt 00:06:17]}
Qc7 {[%clk 01:17:02]} {[%emt 00:02:35]} 15. h3 {[%clk 00:44:22]} {[%emt
00:27:51]} c5 {[%clk 01:11:32]} {[%emt 00:06:00]} 16. O-O {[%clk 00:41:37]}
{[%emt 00:03:15]} Rb8 {[%clk 01:08:25]} {[%emt 00:03:36]} 17. Bf3 {[%clk
00:38:05]} {[%emt 00:04:03]} Bd6 {[%clk 01:01:09]} {[%emt 00:07:45]} 18. Nc4
{[%emt 00:02:41]} Be7 {[%clk 01:00:40]} {[%emt 00:00:58]} 19. a4 {[%clk
00:35:14]} {[%emt 00:01:11]} b6 {[%clk 00:59:47]} {[%emt 00:01:23]} 20. Na3
{[%clk 00:18:08]} {[%emt 00:17:36]} Bb7 {[%clk 00:48:02]} {[%emt 00:12:12]} 21.
Bxb7 {[%clk 00:12:01]} {[%emt 00:06:41]} Rxb7 {[%clk 00:43:35]} {[%emt
00:04:57]} 22. a5 {[%clk 00:10:42]} {[%emt 00:01:48]} Qc6 {[%clk 00:42:08]}
{[%emt 00:01:56]} 23. a6 {[%clk 00:09:04]} {[%emt 00:02:09]} Rd7 {[%clk
00:38:34]} {[%emt 00:04:03]} 24. Qb5 {[%clk 00:08:22]} {[%emt 00:01:13]} Qc7
{[%clk 00:28:58]} {[%emt 00:10:06]} 25. Nc4 {[%clk 00:03:01]} {[%emt 00:05:51]}
Rc8 {[%clk 00:26:25]} {[%emt 00:03:02]} 26. dxc5 {[%clk 00:01:12]} {[%emt
00:02:20]} Bxc5 {[%clk 00:23:45]} {[%emt 00:03:09]} 27. Rfd1 {[%clk 00:01:38]}
{[%emt 00:00:05]} Rcd8 {[%clk 00:20:56]} {[%emt 00:03:18]} 28. Rxd7 {[%clk
00:02:05]} {[%emt 00:00:04]} Qxd7 {[%clk 00:19:27]} {[%emt 00:01:58]} 29. Qxd7
{[%clk 00:01:11]} {[%emt 00:01:24]} Rxd7 {[%clk 00:19:53]} {[%emt 00:00:05]}
30. Ne5 {[%clk 00:01:30]} {[%emt 00:00:10]} Rd6 {[%clk 00:20:13]} {[%emt
00:00:09]} 31. Kf1 {[%clk 00:00:52]} {[%emt 00:01:10]} Kf8 {[%clk 00:17:20]}
{[%emt 00:03:23]} 32. Ke2 {[%emt 00:00:35]} f6 {[%clk 00:16:07]} {[%emt
00:01:42]} 33. Nd3 {[%clk 00:00:42]} {[%emt 00:00:36]} Rc6 {[%clk 00:15:18]}
{[%emt 00:01:18]} 34. Rb5 {[%clk 00:00:52]} {[%emt 00:00:21]} Ke7 {[%clk
00:12:46]} {[%emt 00:03:02]} 35. Kd2 {[%clk 00:00:57]} {[%emt 00:00:26]} Bd6
{[%clk 00:12:03]} {[%emt 00:01:12]} 36. Nb2 {[%clk 00:00:39]} {[%emt 00:00:48]}
Be5 {[%clk 00:12:06]} {[%emt 00:00:27]} 37. Na4 {[%clk 00:00:44]} {[%emt
00:00:25]} Rc4 {[%clk 00:09:21]} {[%emt 00:03:14]} 38. Rb4 {[%clk 00:01:14]}
{[%emt 00:00:02]} Bxc3+ {[%clk 00:09:12]} {[%emt 00:00:39]} 39. Nxc3 {[%clk
00:00:31]} {[%emt 00:01:12]} Rxb4 {[%emt 00:00:02]} 40. Kd3 {[%clk 00:00:35]}
{[%emt 00:00:26]} Rb3 {[%clk 00:09:48]} {[%emt 00:00:23]} 41. Kc4 {[%clk
00:00:54]} {[%emt 00:00:11]} Rxc3+ {[%clk 00:09:37]} {[%emt 00:00:41]} 42. Kd4
{[%emt 00:00:15]} 0-1

[Event "DEM U14 2024"]
[Site "Willingen GER"]
[Date "2024.05.19"]
[Round "1"]
[White "Yasmo, Daniil"]
[Black "Dodul, Arthur"]
[Result "1-0"]
[Termination "normal"]
[Board "16"]
[WhiteElo "2067"]
[BlackElo "1789"]
[WhiteClock "00:12:22"]
[BlackClock "00:16:23"]
[PlyCount "89"]
[WhiteFideId "14199165"]
[BlackFideId "34609016"]
[EventCountry "GER"]
[EventRounds "9"]
[EventType "swiss"]
[EventDate "2024.05.18"]

1. d4 {[%clk 01:30:57]} {[%emt 00:00:02]} d5 {[%clk 01:30:28]} {[%emt
00:00:33]} 2. Nc3 {[%clk 01:31:22]} {[%emt 00:00:05]} Nf6 {[%clk 01:30:43]}
{[%emt 00:00:14]} 3. Bf4 {[%clk 01:31:48]} {[%emt 00:00:05]} Bf5 {[%clk
01:31:06]} {[%emt 00:00:06]} 4. e3 {[%clk 01:32:00]} {[%emt 00:00:19]} e6
{[%clk 01:31:28]} {[%emt 00:00:09]} 5. Nf3 {[%clk 01:32:07]} {[%emt 00:00:22]}
Bd6 {[%clk 01:31:14]} {[%emt 00:00:44]} 6. Ne5 {[%clk 01:30:39]} {[%emt
00:01:57]} Nbd7 {[%clk 01:24:33]} {[%emt 00:07:12]} 7. Bd3 {[%clk 01:29:01]}
{[%emt 00:02:08]} Bxd3 {[%clk 01:20:45]} {[%emt 00:04:18]} 8. Qxd3 {[%clk
01:29:03]} {[%emt 00:00:28]} Nh5 {[%clk 01:18:56]} {[%emt 00:03:36]} 9. Qe2
{[%clk 01:21:42]} {[%emt 00:06:35]} Nxf4 {[%clk 01:18:02]} {[%emt 00:01:23]}
10. exf4 {[%clk 01:22:07]} {[%emt 00:00:05]} c6 {[%clk 01:17:13]} {[%emt
00:01:19]} 11. O-O-O {[%clk 01:19:53]} {[%emt 00:02:43]} Qf6 {[%clk 01:11:31]}
{[%emt 00:06:12]} 12. g3 {[%clk 01:17:29]} {[%emt 00:02:55]} O-O-O {[%clk
01:10:05]} {[%emt 00:01:56]} 13. Rd3 {[%clk 01:14:02]} {[%emt 00:03:56]} a6
{[%clk 01:04:50]} {[%emt 00:05:45]} 14. Na4 {[%clk 01:12:18]} {[%emt 00:02:14]}
Kb8 {[%clk 00:56:33]} {[%emt 00:08:48]} 15. Rb3 {[%clk 01:10:51]} {[%emt
00:01:56]} Ka7 {[%clk 00:54:08]} {[%emt 00:02:56]} 16. Rd1 {[%clk 01:07:33]}
{[%emt 00:03:48]} Qe7 {[%clk 00:49:31]} {[%emt 00:05:06]} 17. Rdd3 {[%clk
01:05:06]} {[%emt 00:02:57]} Bxe5 {[%clk 00:47:50]} {[%emt 00:02:12]} 18. fxe5
{[%clk 01:03:52]} {[%emt 00:01:44]} c5 {[%clk 00:41:43]} {[%emt 00:06:37]} 19.
dxc5 {[%clk 01:02:31]} {[%emt 00:01:51]} Nxc5 {[%clk 00:41:08]} {[%emt
00:01:05]} 20. Nxc5 {[%clk 01:01:40]} {[%emt 00:01:22]} Qxc5 {[%clk 00:41:01]}
{[%emt 00:00:37]} 21. Rbc3 {[%clk 00:59:38]} {[%emt 00:02:32]} Qb6 {[%clk
00:40:17]} {[%emt 00:01:13]} 22. Rb3 {[%clk 00:55:32]} {[%emt 00:04:35]} Qc5
{[%clk 00:39:31]} {[%emt 00:01:16]} 23. Rdc3 {[%clk 00:54:25]} {[%emt
00:01:37]} Qa5 {[%clk 00:37:24]} {[%emt 00:02:37]} 24. Qd2 {[%clk 00:52:03]}
{[%emt 00:02:52]} d4 {[%clk 00:36:12]} {[%emt 00:01:43]} 25. Rxb7+ {[%clk
00:51:38]} {[%emt 00:00:55]} Kxb7 {[%clk 00:36:38]} {[%emt 00:00:05]} 26. Rb3+
{[%clk 00:51:59]} {[%emt 00:00:08]} Qb6 {[%clk 00:36:40]} {[%emt 00:00:28]} 27.
Qg5 {[%clk 00:46:48]} {[%emt 00:05:40]} Qxb3 {[%clk 00:34:09]} {[%emt
00:03:02]} 28. axb3 {[%clk 00:46:53]} {[%emt 00:00:25]} Rd7 {[%clk 00:32:58]}
{[%emt 00:01:41]} 29. Qxg7 {[%clk 00:44:44]} {[%emt 00:02:38]} Rc8 {[%clk
00:31:46]} {[%emt 00:01:41]} 30. Kd2 {[%clk 00:44:06]} {[%emt 00:01:08]} Rc5
{[%clk 00:30:16]} {[%emt 00:02:01]} 31. f4 {[%clk 00:42:57]} {[%emt 00:01:39]}
h5 {[%clk 00:30:23]} {[%emt 00:00:23]} 32. Qh7 {[%clk 00:36:55]} {[%emt
00:06:32]} Rcd5 {[%clk 00:29:03]} {[%emt 00:01:51]} 33. Kd3 {[%clk 00:33:07]}
{[%emt 00:04:17]} Ra5 {[%clk 00:26:31]} {[%emt 00:03:03]} 34. Qxh5 {[%clk
00:30:59]} {[%emt 00:02:37]} Ra1 {[%clk 00:26:13]} {[%emt 00:00:49]} 35. Qf3+
{[%clk 00:26:06]} {[%emt 00:05:22]} Kb6 {[%clk 00:25:22]} {[%emt 00:01:22]} 36.
h4 {[%clk 00:22:16]} {[%emt 00:04:19]} Re1 {[%clk 00:23:46]} {[%emt 00:02:06]}
37. Kd2 {[%clk 00:21:52]} {[%emt 00:00:55]} Re3 {[%clk 00:23:01]} {[%emt
00:01:14]} 38. Qg2 {[%clk 00:21:38]} {[%emt 00:00:44]} Rd8 {[%clk 00:21:38]}
{[%emt 00:01:53]} 39. h5 {[%clk 00:18:44]} {[%emt 00:03:25]} Rh8 {[%clk
00:20:12]} {[%emt 00:01:55]} 40. g4 {[%clk 00:18:17]} {[%emt 00:00:57]} a5
{[%clk 00:19:47]} {[%emt 00:00:56]} 41. Qh1 {[%clk 00:15:47]} {[%emt 00:02:59]}
Rg3 {[%clk 00:18:06]} {[%emt 00:02:12]} 42. g5 {[%clk 00:15:45]} {[%emt
00:00:32]} Rd8 {[%clk 00:16:40]} {[%emt 00:01:55]} 43. h6 {[%clk 00:13:47]}
{[%emt 00:02:28]} d3 {[%clk 00:16:46]} {[%emt 00:00:25]} 44. c3 {[%clk
00:12:41]} {[%emt 00:01:35]} Rg4 {[%clk 00:16:23]} {[%emt 00:00:52]} 45. Qh2
{[%clk 00:12:22]} {[%emt 00:00:50]} 1-0

[Event "DEM U14 2024"]
[Site "Willingen GER"]
[Date "2024.05.19"]
[Round "1"]
[White "Ollhoff, Hannes"]
[Black "Geist, Tim"]
[Result "0-1"]
[Termination "normal"]
[Board "17"]
[WhiteElo "1755"]
[BlackElo "2007"]
[WhiteClock "00:02:27"]
[BlackClock "00:34:38"]
[PlyCount "50"]
[WhiteFideId "16266927"]
[BlackFideId "34604324"]
[EventCountry "GER"]
[EventRounds "9"]
[EventType "swiss"]
[EventDate "2024.05.18"]

1. d4 {[%clk 01:30:54]} {[%emt 00:00:04]} d5 {[%clk 01:30:36]} {[%emt
00:00:25]} 2. c4 {[%clk 01:31:18]} {[%emt 00:00:06]} e6 {[%clk 01:30:51]}
{[%emt 00:00:14]} 3. Nc3 {[%clk 01:31:35]} {[%emt 00:00:14]} c5 {[%clk
01:31:08]} {[%emt 00:00:13]} 4. cxd5 {[%clk 01:30:53]} {[%emt 00:01:11]} exd5
{[%clk 01:31:26]} {[%emt 00:00:13]} 5. Nf3 {[%clk 01:30:07]} {[%emt 00:01:16]}
Nf6 {[%clk 01:30:51]} {[%emt 00:01:05]} 6. g3 {[%clk 01:27:56]} {[%emt
00:02:41]} Nc6 {[%clk 01:30:59]} {[%emt 00:00:23]} 7. Bg2 {[%clk 01:27:38]}
{[%emt 00:00:46]} Be7 {[%clk 01:30:57]} {[%emt 00:00:32]} 8. O-O {[%clk
01:26:31]} {[%emt 00:01:38]} O-O {[%clk 01:30:57]} {[%emt 00:00:29]} 9. Bf4
{[%clk 01:25:31]} {[%emt 00:01:30]} Bf5 {[%clk 01:17:53]} {[%emt 00:13:34]} 10.
Rc1 {[%clk 01:19:34]} {[%emt 00:06:28]} c4 {[%clk 01:15:36]} {[%emt 00:02:47]}
11. Ne5 {[%clk 01:09:49]} {[%emt 00:10:14]} h6 {[%clk 01:11:53]} {[%emt
00:04:14]} 12. h3 {[%clk 01:03:54]} {[%emt 00:06:24]} Be6 {[%clk 01:04:51]}
{[%emt 00:07:34]} 13. Qd2 {[%clk 00:53:50]} {[%emt 00:10:33]} Bb4 {[%clk
01:01:58]} {[%emt 00:03:22]} 14. Rfd1 {[%clk 00:45:55]} {[%emt 00:08:25]} Rc8
{[%clk 01:00:23]} {[%emt 00:02:05]} 15. Qc2 {[%clk 00:42:02]} {[%emt 00:04:24]}
Re8 {[%clk 00:50:09]} {[%emt 00:10:44]} 16. a3 {[%clk 00:26:46]} {[%emt
00:15:46]} Ba5 {[%clk 00:49:18]} {[%emt 00:01:20]} 17. Na4 {[%clk 00:23:55]}
{[%emt 00:03:22]} Qe7 {[%clk 00:43:13]} {[%emt 00:06:35]} 18. Nc5 {[%clk
00:20:14]} {[%emt 00:04:10]} Nxd4 {[%clk 00:42:24]} {[%emt 00:01:19]} 19. Rxd4
{[%clk 00:19:26]} {[%emt 00:01:18]} Qxc5 {[%clk 00:42:16]} {[%emt 00:00:38]}
20. Be3 {[%clk 00:15:42]} {[%emt 00:04:14]} Qe7 {[%clk 00:42:22]} {[%emt
00:00:24]} 21. Bd2 {[%clk 00:12:52]} {[%emt 00:03:21]} Bc7 {[%clk 00:39:14]}
{[%emt 00:03:38]} 22. Bb4 {[%clk 00:10:17]} {[%emt 00:03:04]} Qd8 {[%clk
00:36:59]} {[%emt 00:02:45]} 23. Nf3 {[%clk 00:07:29]} {[%emt 00:03:18]} Bb6
{[%clk 00:36:44]} {[%emt 00:00:45]} 24. Rdd1 {[%clk 00:06:43]} {[%emt
00:01:16]} Ne4 {[%clk 00:35:52]} {[%emt 00:01:23]} 25. Nd4 {[%clk 00:02:27]}
{[%emt 00:04:45]} Nxf2 {[%clk 00:34:38]} {[%emt 00:01:44]} 0-1

[Event "DEM U14 2024"]
[Site "Willingen GER"]
[Date "2024.05.19"]
[Round "1"]
[White "Schwitkowski, Luka"]
[Black "Hellenbroich, Hanno"]
[Result "1/2-1/2"]
[Termination "normal"]
[Board "18"]
[WhiteElo "2028"]
[BlackElo "1739"]
[WhiteClock "00:01:17"]
[BlackClock "00:14:24"]
[PlyCount "84"]
[WhiteFideId "34610669"]
[BlackFideId "16270762"]
[EventCountry "GER"]
[EventRounds "9"]
[EventType "swiss"]
[EventDate "2024.05.18"]

1. d4 {[%clk 01:30:56]} {[%emt 00:00:02]} Nf6 {[%clk 01:30:31]} {[%emt
00:00:31]} 2. c4 {[%clk 01:31:15]} {[%emt 00:00:10]} g6 {[%clk 01:30:24]}
{[%emt 00:00:38]} 3. Nc3 {[%clk 01:31:34]} {[%emt 00:00:09]} Bg7 {[%clk
01:30:05]} {[%emt 00:00:50]} 4. e4 {[%clk 01:31:52]} {[%emt 00:00:12]} d6
{[%clk 01:30:00]} {[%emt 00:00:35]} 5. h3 {[%clk 01:32:12]} {[%emt 00:00:10]}
Nbd7 {[%clk 01:29:02]} {[%emt 00:01:28]} 6. Be3 {[%clk 01:32:20]} {[%emt
00:00:22]} O-O {[%clk 01:28:44]} {[%emt 00:00:49]} 7. Qd2 {[%clk 01:32:40]}
{[%emt 00:00:09]} e5 {[%clk 01:27:15]} {[%emt 00:01:59]} 8. d5 {[%clk
01:32:57]} {[%emt 00:00:13]} a5 {[%clk 01:27:08]} {[%emt 00:00:38]} 9. g4
{[%clk 01:33:14]} {[%emt 00:00:13]} Nc5 {[%clk 01:26:14]} {[%emt 00:01:23]} 10.
f3 {[%clk 01:33:35]} {[%emt 00:00:09]} Ne8 {[%clk 01:17:12]} {[%emt 00:11:37]}
11. h4 {[%clk 01:19:27]} {[%emt 00:12:34]} f5 {[%clk 01:04:48]} {[%emt
00:12:54]} 12. exf5 {[%clk 01:17:30]} {[%emt 00:02:27]} gxf5 {[%clk 01:03:28]}
{[%emt 00:01:48]} 13. g5 {[%clk 01:17:54]} {[%emt 00:00:07]} Qe7 {[%clk
01:00:45]} {[%emt 00:03:13]} 14. O-O-O {[%clk 01:04:31]} {[%emt 00:13:53]} f4
{[%clk 00:56:44]} {[%emt 00:04:31]} 15. Bxc5 {[%clk 01:03:46]} {[%emt
00:01:15]} dxc5 {[%clk 00:56:58]} {[%emt 00:00:17]} 16. Ne4 {[%clk 01:00:05]}
{[%emt 00:04:10]} Nd6 {[%clk 00:56:17]} {[%emt 00:01:11]} 17. Nxd6 {[%clk
00:58:55]} {[%emt 00:01:40]} cxd6 {[%clk 00:55:02]} {[%emt 00:01:45]} 18. Bd3
{[%clk 00:59:06]} {[%emt 00:00:19]} Bd7 {[%clk 00:54:35]} {[%emt 00:00:57]} 19.
Ne2 {[%clk 00:58:21]} {[%emt 00:01:14]} Bf5 {[%clk 00:48:48]} {[%emt 00:06:18]}
20. Nc3 {[%clk 00:58:02]} {[%emt 00:00:50]} Qd7 {[%clk 00:44:05]} {[%emt
00:05:12]} 21. Rdg1 {[%clk 00:50:36]} {[%emt 00:07:55]} e4 {[%clk 00:38:40]}
{[%emt 00:05:57]} 22. Nxe4 {[%clk 00:30:37]} {[%emt 00:20:28]} Bxe4 {[%clk
00:37:44]} {[%emt 00:01:26]} 23. Bxe4 {[%clk 00:28:03]} {[%emt 00:03:04]} Bd4
{[%clk 00:37:57]} {[%emt 00:00:17]} 24. Qc2 {[%clk 00:28:11]} {[%emt 00:00:23]}
Bxg1 {[%clk 00:35:53]} {[%emt 00:02:34]} 25. Rxg1 {[%clk 00:28:39]} {[%emt
00:00:01]} Qg7 {[%clk 00:34:53]} {[%emt 00:01:30]} 26. Qf2 {[%clk 00:19:35]}
{[%emt 00:09:35]} a4 {[%clk 00:34:07]} {[%emt 00:01:16]} 27. h5 {[%clk
00:14:30]} {[%emt 00:05:34]} a3 {[%clk 00:33:10]} {[%emt 00:01:26]} 28. h6
{[%clk 00:14:17]} {[%emt 00:00:44]} axb2+ {[%clk 00:28:03]} {[%emt 00:05:37]}
29. Qxb2 {[%clk 00:14:42]} {[%emt 00:00:04]} Qxb2+ {[%clk 00:28:26]} {[%emt
00:00:07]} 30. Kxb2 {[%clk 00:15:03]} {[%emt 00:00:10]} Ra4 {[%clk 00:28:21]}
{[%emt 00:00:35]} 31. g6 {[%clk 00:12:32]} {[%emt 00:03:01]} hxg6 {[%clk
00:27:03]} {[%emt 00:01:46]} 32. Bxg6 {[%clk 00:12:17]} {[%emt 00:00:46]} Kh8
{[%clk 00:26:10]} {[%emt 00:01:23]} 33. Bd3 {[%clk 00:05:44]} {[%emt 00:07:03]}
Rfa8 {[%clk 00:26:02]} {[%emt 00:00:39]} 34. Ra1 {[%clk 00:02:38]} {[%emt
00:03:36]} Ra3 {[%clk 00:25:02]} {[%emt 00:01:30]} 35. Be4 {[%clk 00:02:24]}
{[%emt 00:00:44]} R3a4 {[%clk 00:22:11]} {[%emt 00:03:21]} 36. Bd3 {[%clk
00:02:40]} {[%emt 00:00:14]} Rb4+ {[%clk 00:22:20]} {[%emt 00:00:21]} 37. Kc2
{[%clk 00:01:41]} {[%emt 00:01:29]} Ra3 {[%clk 00:21:43]} {[%emt 00:01:06]} 38.
Re1 {[%clk 00:00:43]} {[%emt 00:01:25]} Rxa2+ {[%clk 00:21:12]} {[%emt
00:01:05]} 39. Kc3 {[%clk 00:01:06]} {[%emt 00:00:07]} Ra3+ {[%clk 00:20:30]}
{[%emt 00:01:12]} 40. Kc2 {[%clk 00:01:26]} {[%emt 00:00:09]} Ra2+ {[%clk
00:15:06]} {[%emt 00:05:56]} 41. Kc3 {[%clk 00:01:04]} {[%emt 00:00:52]} Ra3+
{[%clk 00:14:24]} {[%emt 00:01:12]} 42. Kc2 {[%clk 00:01:17]} {[%emt 00:00:16]}
Ra2+ {[%emt 00:01:38]} 1/2-1/2